1533 1215 1376 1981 1017 1201 1490 1507 1644 1662 1711 1094 1063 1662 1185 1469 1819 1084 1417 1317 1862 1250 1601 1643 1457 1732 1882 1733 1805 1699 1964 1707 1853 1978 1856 1704 1813 1068 1712 1658 1016 1336 1216 1844 1463 1009 1710 1209 1507 1832 1482 1079 1489 1708 1860 1369 1756 1774 1774 1992 1159 1664 1717 1431 1060 1586 1798 1837 1813 1488 1912 1548 1562 1639 1940 1573 1631 1968 1110 1572 1662 1714 1823 1746 1095 1308 1090 1674 1178 1989 1943 1215 1799 1922 1582 1080 1651 1702 1345 BCNSPRNW ULIB Ver.6.0+V

เปลี่ยนเป็นภาษาไทย

Change to English
 แสดงรายละเอียดบรรณานุกรม
  กลับหน้าหลัก

Brief Record : Get Marc (ISO 2709) : E-mail record : QR code < ปิดหน้าต่าง
LEADER : 00000nam 2200000uu 4500
001    13399115033
003     ULIB
008    020711s2551 th a 000 0 tha d
020    ^a9789741084876
050    ^aBF636^bส231ต
100    ^aสม สุจิรา
245    ^aตอบปัญหาวิชาใจ/^cสม สุจิรา
260    ^aกรุงเทพฯ :^bอมรินทร์ธรรมมะ,^c2551
945    ^p189^l0^i024657
999    ^aวรรณษา ชูชัยมงคล
รายการนี้ยังไม่มีแท็ก
คุณยังไม่ได้ล็อกอิน คุณสามารถมีกิจกรรมร่วมกับเว็บไซต์ได้ แต่ต้องล็อกอินก่อน ::
  ล็อกอิน

รายการสื่อสารสนเทศ

ลำดับที่ ประเภท เลขเรียก/บาร์โค้ด สถานที่ สถานะ
- ไม่พบข้อมูล -

BibComment


ยังไม่เคยถูกคอมเมนท์

คอมเมนท์ทรัพยากรรายการนี้
  คอมเมนท์: ตอบปัญหาวิชาใจ ส..


 Copyright 2026. Bcnsprnw @Library